Các nhân tố ảnh hưởng đến chất lượng dịch vụ của các siêu thị điện máy trên địa bàn thành phố Cần Thơ : Luận văn tốt nghiệp Cao học. Chuyên ngành Quản trị kinh doanh

Nghiên cứu các nhân tố ảnh hưởng đến chất lượng dịch vụ của các siêu thị điện máy trên địa bàn thành phố Cần Thơ.

Guardado en:
Detalles Bibliográficos
Autor principal: Trương, Thanh Nga
Formato: Libro
Lenguaje:Undetermined
Publicado: Cần Thơ Trường Đại học Cần Thơ 2019
Materias:
Etiquetas: Agregar Etiqueta
Sin Etiquetas, Sea el primero en etiquetar este registro!
Thư viện lưu trữ: Trung tâm Học liệu Trường Đại học Cần Thơ
LEADER 01084nam a2200217Ia 4500
001 CTU_231812
008 210402s9999 xx 000 0 und d
082 |a 658.562 
082 |b Ng100 
088 |a 8340101 
100 |a Trương, Thanh Nga 
245 0 |a Các nhân tố ảnh hưởng đến chất lượng dịch vụ của các siêu thị điện máy trên địa bàn thành phố Cần Thơ : 
245 0 |b Luận văn tốt nghiệp Cao học. Chuyên ngành Quản trị kinh doanh 
245 0 |c Trương Thanh Nga ; Lưu Thanh Đức Hải (Cán bộ hướng dẫn) 
260 |a Cần Thơ 
260 |b Trường Đại học Cần Thơ 
260 |c 2019 
520 |a Nghiên cứu các nhân tố ảnh hưởng đến chất lượng dịch vụ của các siêu thị điện máy trên địa bàn thành phố Cần Thơ. 
650 |a Quality control,Quản lý chất lượng 
910 |b nthai 
980 |a Trung tâm Học liệu Trường Đại học Cần Thơ